| 000 | 01134nam a22002777i 4500 | ||
|---|---|---|---|
| 003 | DO-SdBNP | ||
| 005 | 20260321073645.0 | ||
| 007 | ta | ||
| 008 | 230228b1988 dr ||||| |||| 00| 0 spa d | ||
| 040 |
_aDO-SdBNP _bspa _cBNPHU _erda |
||
| 041 | _aspa | ||
| 082 | 4 |
_aRD863.44 _bB742c 1988 _222 |
|
| 100 | 1 |
_a Bosch, Juan, _d1909-2001 _eautor _4aut. _976555 |
|
| 245 | 1 | 0 |
_aCuentos escritos en el exilio / _cJuan Bosch. |
| 250 | _aDecima sexta edición | ||
| 264 | 1 |
_aSanto Domingo : _bEditora Alfa & Omega, _c1988. |
|
| 300 |
_a279 páginas ; _c21 cm. |
||
| 336 |
_atexto _btxt _2rdacontent |
||
| 337 |
_asin mediación _bn _2rdamedia |
||
| 338 |
_avolumen _bnc _2rdacarrier |
||
| 505 | 0 |
_tApuntes sobre el arte de escribir cuentos -- _tLos amos -- _tEn un bohío / _rLuis Pie -- _tLa noche buena de Encarnación Mendoza -- _tEl funeral -- _tRumbo al puerto de origen -- _tLa desgracia -- _tEl hombre que lloró / _rVictoriano Segura -- _tLa mancha indeleble -- _tEl indio Manuel Sicuri -- _tCuento de navidad. |
|
| 590 | _aInventariado, 2023/BT | ||
| 650 | 4 |
_aCuentos dominicanos _9176 |
|
| 650 | 4 |
_aLiteratura dominicana. _967 |
|
| 942 |
_2ddc _cLBS1 |
||
| 999 |
_c53140 _d53140 |
||